| 000 | 00345nam a2200121Ia 4500 | ||
|---|---|---|---|
| 008 | 240731s9999 xx 000 0 und d | ||
| 022 | _a1473-7507 | ||
| 245 | 0 | _aInnovation in Teaching and Learning in Information and Computer Sciences | |
| 260 | _bRoutledge | ||
| 856 | _uhttps://www.tandfonline.com/loi/rhep14 | ||
| 942 | _2ddc | ||
| 942 | _cTFEJ | ||
| 999 |
_c76982 _d76982 |
||
| 945 |
_a1 _bMadushi Gamage _c1 _dMadushi Gamage |
||